Estadísticas para MVPs Euroliga de Baloncesto

Haz click aquí para intentar la prueba.

Estadísticas generales

  • Esta prueba ha sido intentada 102 veces
  • La puntuación promedio es 8 de 20

Estadísticas de respuestas

HintRespuesta% Correcto
2017Sergio Llull
87%
2018Luka Doncic
80%
2009Juan Carlos Navarro
79%
2022Nikola Mirotic
65%
2021Vasilije Micic
61%
2013Vassilis Spanoulis
60%
2014Sergio Rodriguez
56%
2011Dimitris Diamantidis
40%
2019Jan Vesely
37%
2010Milos Teodosic
37%
2016Nando de Colo
32%
2007Theo Papaloukas
24%
2006Anthony Parker
23%
2005Anthony Parker
23%
2004Arvydas Sabonis
21%
2015Nemanja Bjelica
15%
2012Andrei Kirilenko
14%
2008Ramunas Siskauskas
7%
2003Joseph Blair
6%
2002Mirsad Türkcan
6%

Distribución de puntuación

Porcentaje por número respondido

Porcentaje de gente con cada puntuación

Historial de tus puntuaciones

No has intentado esta prueba.